| 000 | 00587nam a2200205Ia 4500 | ||
|---|---|---|---|
| 005 | 20250923144910.0 | ||
| 008 | 008 250917s9999 xx 000 0 eng d | ||
| 037 | _aTextual | ||
| 040 |
_aDSWL _beng _cDSWL |
||
| 041 |
_aeng _2eng |
||
| 084 |
_aB28obY, N59 _qDSWL |
||
| 100 |
_aSimon, Herbet A. _9829576 |
||
| 245 | 0 |
_aModels of man social and rational _cby Herbet A. Simon |
|
| 260 |
_aNew York _bJohn Wiley & Sons, Inc _c1957 |
||
| 300 | _axiv,287p. | ||
| 365 |
_aUSD _b.5. |
||
| 925 | _g.5. | ||
| 942 |
_cTEXL _hB28obY, N59 |
||
| 999 |
_c1444744 _d1444744 |
||